000 00653nam a22001937a 4500
005 20231115144713.0
010 _aENG-138392
020 _c3995.00
_a9789391211530
035 _aEN-121924
037 _bDBAD
082 _a336.272
_2Thirteenth
100 _aKataria, S.K
_958713
245 _aK Krishnamurthy The Indian Act/
_cBy S.K Kataria
_hEnglish
250 _aThirteenth
260 _aGurgaon
_bLexis Nexis
_c2021
270 _a14thn Floor, Building No 10, Tower-B, DLF Cyber City, Phase-II
_bHaryana
_e122002
_k911244774444
_mhelp.in@lexisnexis.com
_l911244774100
300 _avp.
_c25cm(hbk)
942 _2ddc
_cEN
_h336.272
_mKAT
999 _c199093
_d199093